000 00294nam a2200121Ia 4500
008 191201s2018 xx 000 0 und d
100 _aTANEJA, Sheetal
245 0 _aPython Programming: A Modular Approach
260 _bPearson
_c2018
300 _a582
650 _aB.Tech(IT)
942 _2ddc
_cBK
999 _c6796
_d6796